000 00420nam a2200157Ia 4500
008 160316s2011 xxu||||| |||| 00| 0 eng d
082 _a340.100000
_bCAR
100 _aCardozo Benjamin N
245 _aNature of the judicial process
250 _a9th
260 _aNew Delhi
_bUniversal Law Publishers
_c2011
300 _a180p
_b
_c
365 _bRs.150
650 _a1.Legal Philosophy - Jurisprudence
700 _a
_a
999 _c28480
_d28480